Statistics for 2023-24 Primeira Liga Football Clubs

Click here to take the quiz!

General Stats

  • This quiz has been taken 25 times
  • The average score is 11 of 18

Answer Stats

Football Clubs% Correct
Benfica
100%
Porto
100%
Braga
96%
Sporting
96%
Boavista
87%
Rio Ave
65%
Arouca
61%
Estoril
61%
Famalicao
57%
Portimonense
57%
Moreirense
52%
Casa Pia
48%
Chaves
43%
Vizela
43%
Farense
39%
Gil Vicente
35%
Vitoria de Guimaraes
35%
Estrella da Amadora
26%

Score Distribution

Percentile by Number Answered

Percent of People with Each Score

Your Score History

You have not taken this quiz